a day at the apple orchard / (Record no. 2902)

MARC details
000 -LEADER
fixed length control field 01162nam a22002897a 4500
001 - CONTROL NUMBER
control field 2902
003 - CONTROL NUMBER IDENTIFIER
control field FISKH
005 - DATE AND TIME OF LATEST TRANSACTION
control field 20250828151713.0
008 - FIXED-LENGTH DATA ELEMENTS--GENERAL INFORMATION
fixed length control field 240122b cb ||||| |||| 00| 0 eng d
020 ## - INTERNATIONAL STANDARD BOOK NUMBER
International Standard Book Number 9780439799096
040 ## - CATALOGING SOURCE
Original cataloging agency FISKH
Language of cataloging eng
Transcribing agency FISKH
Modifying agency FISKh
050 ## - LIBRARY OF CONGRESS CALL NUMBER
Classification number SB363.F38
082 ## - DEWEY DECIMAL CLASSIFICATION NUMBER
Classification number 634.11
100 ## - MAIN ENTRY--PERSONAL NAME
Personal name Faulkner, Megan & Krawesky, Adam
245 ## - TITLE STATEMENT
Title a day at the apple orchard /
Statement of responsibility, etc. by Faulkner, Megan & Krawesky, Adam
250 ## - EDITION STATEMENT
Edition statement First Scholastic printing , September 2005
260 ## - PUBLICATION, DISTRIBUTION, ETC.
Place of publication, distribution, etc. New York :
Name of publisher, distributor, etc. Scholastic,
Date of publication, distribution, etc. 2005
300 ## - PHYSICAL DESCRIPTION
Extent 21 pages :
Other physical details color illustrations ;
Dimensions 21 cm .
505 ## - FORMATTED CONTENTS NOTE
Formatted contents note K <br/>
520 ## - SUMMARY, ETC.
Summary, etc. It's fall, and the days are getting cooler. As the leaves begin to change color, the apple trees are heavy with fruit and ready for the harvest. It's time to go apple picking! Join us on a visit to the apple orchard to learn all about apples: how they grow, the best way to pick them, and how to make delicious apple cider.
521 8# - TARGET AUDIENCE NOTE
Target audience note 530 <br/>
Source Lexile <br/>
521 8# - TARGET AUDIENCE NOTE
Target audience note K <br/>
Source Raz-Plus <br/>
600 ## - SUBJECT ADDED ENTRY--PERSONAL NAME
Source of heading or term plants
Form subdivision science
610 ## - SUBJECT ADDED ENTRY--CORPORATE NAME
Source of heading or term apples
Form subdivision non-fiction
700 ## - ADDED ENTRY--PERSONAL NAME
Personal name Krawesky, Adam
Relator term photographer
942 ## - ADDED ENTRY ELEMENTS (KOHA)
Source of classification or shelving scheme Dewey Decimal Classification
Koha item type Books
Suppress in OPAC No
Holdings
Withdrawn status Lost status Source of classification or shelving scheme Damaged status Not for loan Collection Home library Current library Shelving location Date acquired Total Checkouts Full call number Barcode Date last seen Date last checked out Copy number Price effective from Koha item type
    Dewey Decimal Classification     Non-Fiction Footprints International School Library Network Toul Tom Poung Campus Footprints International School Library Network Toul Tom Poung Campus TTP Primary Yellow Bookshelves 01/22/2024 1 FAU 634.11 SB363.F38 FISTK01477 02/21/2024 02/05/2024 1 01/22/2024 Books
    Dewey Decimal Classification     Non-Fiction Footprints International School Library Network Toul Tom Poung Campus Footprints International School Library Network Toul Tom Poung Campus TTP Primary Yellow Bookshelves 05/13/2025   FAU 634.11 SB363.F38 FISBK02350 05/13/2025   2 05/13/2025 Books
    Dewey Decimal Classification     Non-Fiction Footprints International School Library Network Toul Tom Poung Campus Footprints International School Library Network Toul Tom Poung Campus TTP Primary Yellow Bookshelves 08/28/2025   FAU 634.11 SB363.F38 FIS02490 08/28/2025   3 08/28/2025 Books
    Dewey Decimal Classification     Non-Fiction Footprints International School Library Network Toul Tom Poung Campus Footprints International School Library Network Toul Tom Poung Campus TTP Primary Yellow Bookshelves 08/28/2025   FAU 634.11 SB363.F38 FISBK02349 08/28/2025   4 08/28/2025 Books